000
00251nam a2200109Ia 4500
008
200302s9999 xx 000 0 und d
100
_a
Daniel Libeskind
245
_a
Architects & Design
260
_b
C A Press Co.,
260
_c
2009
300
_a
224 P.,
999
_c
2819
_d
2819